RAPID (residential auction property investment data) (Record no. 108027)
[ view plain ]
| 000 -LEADER | |
|---|---|
| fixed length control field | 01055cam a22002175a 4500 |
| 001 - CONTROL NUMBER | |
| control field | L142962 |
| 008 - FIXED-LENGTH DATA ELEMENTS--GENERAL INFORMATION | |
| fixed length control field | 070315s2007 xxkd f s 000 0 eng d |
| 035 ## - SYSTEM CONTROL NUMBER | |
| System control number | (Sirsi) u142962 |
| 041 0# - LANGUAGE CODE | |
| Language code of text/sound track or separate title | eng |
| 050 04 - LIBRARY OF CONGRESS CALL NUMBER | |
| Classification number | 380.1 $2 18 |
| 110 2# - MAIN ENTRY--CORPORATE NAME | |
| Corporate name or jurisdiction name as entry element | Essential Information Group |
| 9 (RLIN) | 4336 |
| 245 00 - TITLE STATEMENT | |
| Title | RAPID (residential auction property investment data) |
| Remainder of title | issue 2: September 2007 |
| Medium | [electronic resource] |
| 260 ## - PUBLICATION, DISTRIBUTION, ETC. | |
| Place of publication, distribution, etc. | Reigate |
| Name of publisher, distributor, etc. | EIG |
| Date of publication, distribution, etc. | 2007 |
| 520 ## - SUMMARY, ETC. | |
| Summary, etc. | Examines the numbers of distressed sales at auction and finds an upward trend. The percentage of lots on offer which are as a result of distress are rising dramatically. However within London there has been a fall in the number of distressed sales going to auction. Also examines rental returns and finds that these are falling, with the national average at 10.2% in 2007. |
| 590 ## - LOCAL NOTE (RLIN) | |
| Local note | KA NTK |
| 651 #4 - SUBJECT ADDED ENTRY--GEOGRAPHIC NAME | |
| Geographic name | United Kingdom |
| Chronological subdivision | |
| 690 ## - LOCAL SUBJECT ADDED ENTRY--TOPICAL TERM (OCLC, RLIN) | |
| Topical term or geographic name as entry element | Auctioneering |
| 9 (RLIN) | 6218 |
| 710 1# - ADDED ENTRY--CORPORATE NAME | |
| Corporate name or jurisdiction name as entry element | Allsop |
| 9 (RLIN) | 3151 |
| 856 40 - ELECTRONIC LOCATION AND ACCESS | |
| Uniform Resource Identifier | <a href="https://www.eigroup.co.uk/market-data/rapid/">https://www.eigroup.co.uk/market-data/rapid/</a> |
| Public note | View the item free of charge at www.eigroup.co.uk... |
| 942 ## - ADDED ENTRY ELEMENTS (KOHA) | |
| Suppress in OPAC | 0 |
No items available.